000
00280nam a2200109Ia 4500
008
220216s9999 xx 000 0 und d
100
_a
Vohra M F
245
0
_a
Rubbergoods exports : India yet to maker global impact
260
_b
Rubber Asia
_c
1995
300
_a
25-31
942
_c
JS
999
_c
68209
_d
68209